• 首页
  • 本馆介绍
  • 公告通知
  • 最新文献
  • 馆藏检索
  • 电子资源
  • 读者导购
  • 参考咨询
  • 我的图书馆
  • 登录
  • 详细信息显示
  • 放入我的书架
  • 预约/预借图书
  • 作者相关作品
  • 分类相关作品
  • 丛书相关作品
  • 出版社相关作品

书目信息

  • 表格格式
  • 工作单格式
  • 卡片格式
题名:
红楼梦寻
    
 
作者: 吕启祥 著
分册:  
出版信息: 北京   文化艺术出版社  2005
页数: 533页
开本: 21cm
丛书名: 名家解读红楼梦
单 册:
中图分类: I207.411-53
科图分类:
主题词: 《红楼梦》研究--文集
电子资源:
ISBN: 7-5039-2653-8
000 00993nam0 2200253 450
001 TS2006044402
005 20070120155810.35
010    @a7-5039-2653-8@dCNY28.00
100    @a20060829d2005 em y0chiy0110 ea
101 0  @achi
102    @aCN@b110000
105    @ay z 000yd
200 1  @a红楼梦寻@AHong Lou Meng Xun@e吕启祥论红楼梦@ELu^ Qi Xiang Lun Hong Lou Meng@f吕启祥著@FLu^ Qi Xiang Zhu
210    @a北京@c文化艺术出版社@d2005
215    @a533页@d21cm
225 2  @a名家解读红楼梦
330    @a本书内容除涉及《红楼梦》的作者曹雪芹及作品中的多个代表人物之外,吕先生还将《红楼梦》与《金锁记》、《鹿鼎记》等后人创作的名者进行了相应的比较研究,并对鲁迅、胡适等一些“新红学”的开创者、奠基人进行了深入的研究论述。
410  0 @12001 @a名家解读红楼梦
517 1  @a吕启祥论红楼梦@ALu^ Qi Xiang Lun Hong Lou Meng
606 0  @a《红楼梦》研究@x文集
690    @aI207.411-53@v4
701  0 @a吕启祥@ALu^ Qi Xiang@4著
801  0 @aCN@b中图数据@c20070120
905    @a10447@dI207.411-53@e555
    
    红楼梦寻:吕启祥论红楼梦/吕启祥著.-北京:文化艺术出版社,2005
    533页;21cm.-(名家解读红楼梦)
    
    
    ISBN 7-5039-2653-8:CNY28.00
    本书内容除涉及《红楼梦》的作者曹雪芹及作品中的多个代表人物之外,吕先生还将《红楼梦》与《金锁记》、《鹿鼎记》等后人创作的名者进行了相应的比较研究,并对鲁迅、胡适等一些“新红学”的开创者、奠基人进行了深入的研究论述。
●
相关链接 在E读中查询图书 在五车中查询图书 在当当中查询图书 在豆瓣中查询图书


正题名:红楼梦寻     索取号:I207.411-53/555         预约/预借

序号 登录号 条形码 馆藏地/架位号 状态 备注
1 0618983   206189836   第一样本阅览室/ [索取号:I207.411-53/555] 在馆    
2 0618984   206189845   第二借阅区/ [索取号:I207.411-53/555] 在馆    
3 0618985   206189854   第二借阅区/ [索取号:I207.411-53/555] 在馆    
4 0618986   206189863   第二借阅区/ [索取号:I207.411-53/555] 在馆    
5 0618987   206189872   第二借阅区/ [索取号:I207.411-53/555] 在馆    
6 0618988   206189881   第二借阅区/ [索取号:I207.411-53/555] 在馆    
7 0618989   206189890   第二借阅区/ [索取号:I207.411-53/555] 在馆    
8 0618990   206189907   第二借阅区/ [索取号:I207.411-53/555] 在馆    
唐山师范学院图书馆 欢迎您!
大连网信软件有限公司© 版权所有